SENSİZ O KADAR BENSİZİM Kİ (Record no. 881594)

MARC details
000 -LEADER
sabit uzunluktaki kontrol alanı 00250nam a2200097Ia 4500
001 - KONTROL NUMARASI
kontrol alanı 881594
005 - EN SON İŞLEMİN TARİH VE ZAMANI
kontrol alanı 20250826182643.0
008 - SABİT-UZUNLUKTA VERİ ÖĞELERİ--GENEL BİLGİ
sabit uzunluktaki kontrol alanı 250824s9999 xx 000 0 und d
245 #0 - ESER / YAZAR
ESER ADI SENSİZ O KADAR BENSİZİM Kİ
Yazar Adı OZAN AĞRI
260 ## - YAYIN, DAĞITIM, VB.
YAYIN EVİ PANAMA YAYINLARI
Holdings
Düşüm durumu Kayıp durumu Hasar Durumu Ödünç verilmez Ana kütüphane Geçerli Kütüphane Edinilen tarih Toplam ödünç verme sayısı Barkod Son görüntüleme tarihi Son ödünç verme tarihi Fiyatın geçerli olmaya başladığı tarih Koha materyal türü
        İSMAİL HAKKI TONGUÇ İMAM HATİP ORTAOKULU İSMAİL HAKKI TONGUÇ İMAM HATİP ORTAOKULU 24.08.2025 1 10638288 26.12.2025 05.12.2025 26.08.2025 Books